នីហរណកម្មឈើមូលនៅរដ្ឋកម្ពុជា (Record no. 2939)

000 -LEADER
fixed length control field 00444nam a22001577a 4500
003 - CONTROL NUMBER IDENTIFIER
control field OSt
005 - DATE AND TIME OF LATEST TRANSACTION
control field 20151101151206.0
008 - FIXED-LENGTH DATA ELEMENTS--GENERAL INFORMATION
fixed length control field 151101b xxu||||| |||| 00| 0 eng d
040 ## - CATALOGING SOURCE
Transcribing agency RUA
082 ## - DEWEY DECIMAL CLASSIFICATION NUMBER
Classification number FOR សួ 1991 B116 Or.1
100 ## - MAIN ENTRY--PERSONAL NAME
9 (RLIN) 3151
Personal name សួ ហៃ
245 ## - TITLE STATEMENT
Title នីហរណកម្មឈើមូលនៅរដ្ឋកម្ពុជា
260 ## - PUBLICATION, DISTRIBUTION, ETC. (IMPRINT)
Place of publication, distribution, etc. Phnom Penh
Name of publisher, distributor, etc. RUA
Date of publication, distribution, etc. 1991
300 ## - PHYSICAL DESCRIPTION
Extent 70p.
Other physical details ill.
Dimensions 29cm.
942 ## - ADDED ENTRY ELEMENTS (KOHA)
Source of classification or shelving scheme
Koha item type FOR
Holdings
Price effective from Date last seen Permanent Location Not for loan Date acquired Source of classification or shelving scheme Koha item type Barcode Lost status Damaged status Shelving location Withdrawn status Current Location Full call number
2015-11-012015-11-01Library Block B 2015-11-01 FORRUA026218  B116 Library Block BFOR សួ 1991 B116 Or.1
2015-11-012015-11-01Library Block B 2015-11-01 FORRUA027719  B116 Library Block BFOR សួ 1991 B116 Or.2
2015-11-012015-11-01Library Block B 2015-11-01 FORRUA027871  B116 Library Block BFOR សួ 1991 B116 Or.3
2015-11-012015-11-01Library Block B 2015-11-01 FORRUA027644  B116 Library Block BFOR សួ 1991 B116 Or.4
មជ្ឈមណ្ឌលឯការនៃសាកលវិទ្យាល័យភូមិន្ទកសិកម្មចំការដូង

Powered by Koha